Name Dropping #36: Best Actor Oscars (2001-2010) - Statistics

General Stats
  • This quiz has been taken 64 times
  • The average score is 18 of 20
Answer Stats
Hint Extra Hint Answer % Correct
Javier BSA, 2007, No Country for Old Men Bardem
98%
Morgan BSA, 2004, Million Dollar Baby Freeman
98%
Denzel BA, 2001, Training Day Washington
98%
Christian BSA, 2010, The Fighter Bale
97%
Philip Seymour BA, 2005, Capote Hoffman
97%
Jamie BA, 2004, Ray Foxx
95%
Sean BA, 2003, Mystic River Penn
95%
Forest BA, 2006, The Last King of Scotland Whitaker
95%
Jeff BA, 2009, Crazy Heart Bridges
93%
Adrien BA, 2002, The Pianist Brody
93%
Daniel BA, 2007, There Will Be Blood Day-Lewis
93%
Heath BSA, 2008, The Dark Knight Ledger
93%
Sean BA, 2008, Milk Penn
93%
Christoph BSA, 2009, Inglourious Basterds Waltz
93%
Alan BSA, 2006, Little Miss Sunshine Arkin
91%
Colin BA, 2010, The King's Speech Firth
91%
Tim BSA, 2003, Mystic River Robbins
91%
George BSA, 2005, Syriana Clooney
90%
Jim BSA, 2001, Iris Broadbent
81%
Chris BSA, 2002, Adaptation Cooper
71%
No matching quizzes found
Score Distribution
Percent of People with Each Score
Percentile by Number Answered
Your Score History
You have not taken this quiz